<?xml version="1.0" encoding="UTF-8"?>
<record
    xmlns:xsi="http://www.w3.org/2001/XMLSchema-instance"
    xsi:schemaLocation="http://www.loc.gov/MARC21/slim http://www.loc.gov/standards/marcxml/schema/MARC21slim.xsd"
    xmlns="http://www.loc.gov/MARC21/slim">

  <leader>00887pam a2200277 x 4500</leader>
  <controlfield tag="001">2380199</controlfield>
  <controlfield tag="008">960214s1995    enkab         00110 eng b</controlfield>
  <datafield tag="010" ind1=" " ind2=" ">
    <subfield code="a">   94043757 </subfield>
  </datafield>
  <datafield tag="015" ind1=" " ind2=" ">
    <subfield code="a">b9590003</subfield>
  </datafield>
  <datafield tag="020" ind1=" " ind2=" ">
    <subfield code="a">0415015952</subfield>
  </datafield>
  <datafield tag="020" ind1="1" ind2="0">
    <subfield code="a">0415015952</subfield>
    <subfield code="c">m</subfield>
  </datafield>
  <datafield tag="020" ind1="1" ind2="0">
    <subfield code="a">0415015960</subfield>
    <subfield code="c">v</subfield>
    <subfield code="c">pbk</subfield>
    <subfield code="c">&#xA3;15.99</subfield>
  </datafield>
  <datafield tag="082" ind1="0" ind2="0">
    <subfield code="a">937.01</subfield>
    <subfield code="2">20</subfield>
  </datafield>
  <datafield tag="100" ind1="1" ind2="0">
    <subfield code="a">Cornell, Tim.</subfield>
    <subfield code="9">168</subfield>
  </datafield>
  <datafield tag="245" ind1="1" ind2="4">
    <subfield code="a">The beginnings of Rome :</subfield>
    <subfield code="b">Italy and Rome from the Bronze Age to the Punic Wars (c. 1000-264 BC) /</subfield>
    <subfield code="c">T.J. Cornell.</subfield>
  </datafield>
  <datafield tag="260" ind1=" " ind2=" ">
    <subfield code="a">London :</subfield>
    <subfield code="b">Routledge,</subfield>
    <subfield code="c">1995.</subfield>
  </datafield>
  <datafield tag="300" ind1=" " ind2=" ">
    <subfield code="a">xx,507p</subfield>
    <subfield code="b">ill</subfield>
    <subfield code="c">24cm</subfield>
    <subfield code="e">cased</subfield>
  </datafield>
  <datafield tag="350" ind1="0" ind2="0">
    <subfield code="a">No price : Formerly CIP</subfield>
  </datafield>
  <datafield tag="490" ind1="0" ind2="0">
    <subfield code="a">Routledge history of the ancient world</subfield>
  </datafield>
  <datafield tag="504" ind1="0" ind2="0">
    <subfield code="a">Bibliography: p472-491. - Includes index</subfield>
  </datafield>
  <datafield tag="651" ind1=" " ind2="0">
    <subfield code="a">Rome</subfield>
    <subfield code="x">History</subfield>
    <subfield code="y">Kings, 753-510 B.C.</subfield>
    <subfield code="9">169</subfield>
  </datafield>
  <datafield tag="942" ind1=" " ind2=" ">
    <subfield code="2">ddc</subfield>
    <subfield code="c">BK</subfield>
  </datafield>
  <datafield tag="956" ind1=" " ind2=" ">
    <subfield code="a">NLS</subfield>
  </datafield>
  <datafield tag="999" ind1=" " ind2=" ">
    <subfield code="c">140</subfield>
    <subfield code="d">140</subfield>
  </datafield>
  <datafield tag="952" ind1=" " ind2=" ">
    <subfield code="0">0</subfield>
    <subfield code="1">0</subfield>
    <subfield code="4">0</subfield>
    <subfield code="7">0</subfield>
    <subfield code="8">REF</subfield>
    <subfield code="a">MPL</subfield>
    <subfield code="b">MPL</subfield>
    <subfield code="c">GEN</subfield>
    <subfield code="d">2014-09-04</subfield>
    <subfield code="p">39999000005813</subfield>
    <subfield code="r">2014-09-04 00:00:00</subfield>
    <subfield code="w">2014-09-04</subfield>
    <subfield code="y">BK</subfield>
  </datafield>
  <datafield tag="952" ind1=" " ind2=" ">
    <subfield code="0">0</subfield>
    <subfield code="1">0</subfield>
    <subfield code="4">0</subfield>
    <subfield code="7">0</subfield>
    <subfield code="8">REF</subfield>
    <subfield code="a">FPL</subfield>
    <subfield code="b">FPL</subfield>
    <subfield code="c">GEN</subfield>
    <subfield code="d">2014-09-04</subfield>
    <subfield code="p">39999000005837</subfield>
    <subfield code="r">2014-09-04 00:00:00</subfield>
    <subfield code="w">2014-09-04</subfield>
    <subfield code="y">BK</subfield>
  </datafield>
</record>
